Online Catalogue and eLibrary

Some Women of the Mahawamsa and Chulawamsa: (Record no. 5432)

MARC details
000 -LEADER
fixed length control field 00516nam a2200193Ia 4500
005 - DATE AND TIME OF LATEST TRANSACTION
control field 20250206055909.0
008 - FIXED-LENGTH DATA ELEMENTS--GENERAL INFORMATION
fixed length control field 240331s9999 xx 000 0 und d
020 ## - INTERNATIONAL STANDARD BOOK NUMBER
ISBN 97895583091806
082 ## - DDC Classification
Item Number - Author Mark SEN
DDC Edition Number 6609
Class No. 305.4
100 ## - MAIN ENTRY--PERSONAL NAME
Personal name Seneviratne, M
245 #0 - TITLE STATEMENT
Title Some Women of the Mahawamsa and Chulawamsa:
Remainder of title From Sri Lanka's Storied Past
260 ## - PUBLICATION, DISTRIBUTION, ETC.
Place of publication, distribution, etc. Colombo
Name of publisher, distributor, etc. Wimal Enterprises
Date of publication, distribution, etc. 2007
300 ## - PHYSICAL DESCRIPTION
Extent (e.g. Volumes, Pages etc.) 137 p.,
650 ## - SUBJECT ADDED ENTRY--TOPICAL TERM
Topical term or geographic name entry element Women
650 ## - SUBJECT ADDED ENTRY--TOPICAL TERM
Topical term or geographic name entry element History
650 ## - SUBJECT ADDED ENTRY--TOPICAL TERM
Topical term or geographic name entry element Historical Women
650 ## - SUBJECT ADDED ENTRY--TOPICAL TERM
Topical term or geographic name entry element Buddhism
942 ## - Koha item type (Biblio)
Koha item type Books in Stacks (Lending)
Holdings
Lost status Damaged status Collection code Home library Current library Shelving location Date acquired Full call number Accession Number Item type
    Lending WERC Library WERC Library Social Science Cupboard 03/31/2024 305.4 SEN 6609 Books in Stacks (Lending)

© WERC Library